Metallurgy An elementary Textbook

Bibliographic Details
Main Author: Rhead, E. L
Format: Section = Libro
Language:Undetermined
Spanish
Published: LONDON Longman Group 1945
Subjects:
LEADER 00518nam a2200193Ia 4500
008 240830s9999 xx 000 0 und d
040 |a CEDOC FIQ-RUSB / 546 R469 
041 |a spa 
082 |a 546 R469 
100 1 |a Rhead, E. L 
245 1 0 |a Metallurgy An elementary Textbook 
260 |a LONDON  |b Longman Group  |c 1945 
300 |a 392 p. :il. 
650 7 |a QUÍMICA INORGÁNICA 
650 7 |b  TÉRMINOS Y PROCESOS METALÚRGICOS 
650 7 |c  MATERIALES REFRACTARIOS 
942 |c BK  |2 ddc 
991 |a TEXTO 
999 |c 13052